000 00361nam a22001337a 4500
005 20160823112618.0
008 160823b xxu||||| |||| 00| 0 eng d
245 _aNational gandhi museum and library
260 _aNew Delhi
_bNational Gandhi Museum
300 _av
_c28cm
310 _aQuarterly
270 _aRajghat,
_bNew Delhi
_e110002
942 _2ddc
_cSR
_s1
999 _c102705
_d102705